000 00936nam a2200289 a 4500
001 sjdsz9bblp b2568917
003 sjds
005 20170615220634.0
008 980630s1994 wiua j 000 1 spa d
010 _a94076692
020 _a0307719758 (pbk.)
024 _a033500719752
040 _aPWmBRO
_dCoBoFLC
_csjds
041 1 _aspa
_heng
082 0 4 _a[E]
_221
100 1 _aMayer, Mercer,
_d1943-
245 1 0 _aSe me olvido /
_cpor Mercer Mayer.
260 _aRacine, Wis. :
_bWestern Pub. Co.,
_cc1994.
300 _a1 v. (unpaged) :
_bcol. ill. ;
_c20 cm.
490 0 _aGolden look-look book.
500 _a"A Golden book, New York."
500 _a"Mercer Mayer's Little Critter"--P. [4] of cover.
520 _aAlthough children remember to do some things,they don't remember everything that they are supposed to do.
650 0 _aMemory
_vJuvenile fiction.
650 1 _aSpanish language materials.
942 _cBK
999 _c17647
_d17647